Bandeiras de 1914 ( Nações e protetorados) - Statistics

Estatísticas Gerais
  • Esse quiz foi jogado 176 vezes
  • A pontuação média é 27 de 84
Estatísticas das Respostas
Imagem Resposta % Correto
Brasil
81%
Estados Unidos da América
69%
França
67%
Império Russo
67%
Reino da Suécia
67%
Portugal
66%
Reino da Noruega
66%
Reino da Dinamarca
65%
Argentina
64%
Uruguai
64%
Reino Unido
63%
Reino do Nepal
57%
Reino da Espanha
54%
Império Japonês
52%
Cuba
51%
Holanda
51%
Reino de Tonga
51%
San Marino
51%
Estados Pontifícios
50%
Império Otomano
50%
Paraguai
50%
Peru
50%
Venezuela
50%
Austrália
49%
México
49%
Nova Zelândia
49%
Belize
48%
Bolivia
48%
Colômbia
48%
Libéria
48%
Equador
47%
Honduras
47%
Suíça
47%
Bélgica
46%
Chile
46%
Haiti
45%
Monaco
45%
Panamá
45%
Andorra
44%
Brunei
43%
El Salvador
43%
Liechtenstein
43%
República Dominicana
43%
Império Alemão
42%
Costa Rica
41%
Guatemala
41%
Império Austro-húngaro
40%
Reino da Itália
37%
República da China
36%
Reino da Bulgária
31%
Reino da Romênia
27%
Reino da Servia
26%
Reino da Grécia
22%
Reino do Butão
20%
Ilhas Falklands Britânica
13%
Pérsia
13%
Principado da Albânia
11%
Raj britanico
9%
Reino de Siquim
7%
Domínio do Canada
6%
Reino de Siam
6%
União Sul Africana
6%
Terras Austrais e Antárticas
5%
Império Etíope
3%
Protetorado Frances na Tunisia
3%
França Cochinchina
2%
Protetorado Espanhol no Marrocos
2%
Sultanato do Egito
2%
Bermuda Britânica
1%
Emirado de Jabal Xamar
1%
Emirado do Afeganistão
1%
Grão Ducado da Finlândia
1%
Guiana Britânica
1%
Guiana Holandesa
1%
Índias Holandesas
1%
Leste da África Germânica
1%
Protetorado de Uganda
1%
Protetorado Frances de Annam
1%
Protetorado Francês do Camboja
1%
Raj de Sarawak
1%
Somalilândia Britânica
1%
Sudão Anglo-Egípcio
1%
Condomínio das Novas Hébridas
0%
Domínio da Terra Nova
0%
Nenhum quiz correspondente encontrado
Distribuição das Pontuações
Porcentagem de Pessoas com Cada Pontuação
Percentil de Números Respondidos
Sua Pontuação Histórica
Você não jogou esse quiz